[Event "8th ch-Euro"]
[Site "Dresden GER"]
[Date "2007.04.05"]
[Round "3"]
[White "Buhmann,R"]
[Black "Pirrot,D"]
[Result "1/2-1/2"]
[WhiteElo "2547"]
[BlackElo "2420"]
[EventDate "2007.04.03"]

1. Nf3 d5 2. d4 Nc6 3. e3 Bg4 4. Nbd2 e6 5. c4 Bb4 6. Be2 Nf6 7. h3 Bh5 8.
cxd5 exd5 9. a3 Bd6 10. b4 O-O 11. Bb2 Re8 12. b5 Nb8 13. a4 a6 14. bxa6
Nxa6 15. Ba3 Bxa3 16. Rxa3 Qd6 17. Ra1 Nb4 18. O-O b6 19. Qb3 c5 20. Bb5
Rec8 21. Ne5 cxd4 22. exd4 Nc2 23. Rac1 Nxd4 24. Qe3 Nxb5 25. axb5 Rc5 26.
f4 Bg6 27. f5 Rxc1 28. Rxc1 Bxf5 29. Rc6 Qe7 30. Qf4 Ra1+ 31. Kh2 g6 32.
Ndf3 Kg7 33. Qd4 Rb1 34. g4 Rb4 35. Qa1 Rb1 36. Qc3 Ne4 37. Nxg6+ Nxc3 38.
Nxe7 Rb2+ 39. Kg3 Ne2+ 40. Kh4 Be4 41. Ng5 Nd4 42. Rxb6 Rxb5 43. Rxb5 Nxb5
44. Nxe4 dxe4 45. Kg5 1/2-1/2

[Event "8th ch-Euro"]
[Site "Dresden GER"]
[Date "2007.04.05"]
[Round "3"]
[White "Solak,D"]
[Black "Georgiadis,I"]
[Result "0-1"]
[WhiteElo "2564"]
[BlackElo "2388"]
[EventDate "2007.04.03"]

1. c4 e6 2. Nf3 Nf6 3. d4 b6 4. g3 Ba6 5. b3 Bb4+ 6. Bd2 Be7 7. Bg2 c6 8.
Bc3 d5 9. Ne5 Nfd7 10. Nxd7 Nxd7 11. Nd2 O-O 12. O-O Rc8 13. e4 b5 14. exd5
cxd5 15. c5 b4 16. Bxb4 Bxf1 17. Nxf1 e5 18. Rc1 Nb8 19. dxe5 Nc6 20. Qe1
Qc7 21. Bc3 d4 22. Bxc6 dxc3 23. Bd5 Bxc5 24. Kg2 Bd4 25. f4 Rfd8 26. Qe4
Qa5 27. Bc4 Rxc4 28. bxc4 Qxa2+ 29. Rc2 Qxc4 30. Ne3 Qb3 31. Nf5 Bc5 32.
Nd6 g6 33. Qd3 Bxd6 34. exd6 Rxd6 35. Qxc3 Qb7+ 36. Kh3 Qd7+ 37. Kg2 a6 38.
Qc8+ Kg7 39. Qc3+ Kg8 40. Qc8+ Qxc8 41. Rxc8+ Kg7 42. g4 Rd4 43. Kg3 a5 44.
Ra8 a4 45. g5 h5 46. h3 Rd3+ 47. Kh4 a3 48. Ra5 Kf8 49. f5 gxf5 50. Rxf5
Rd4+ 51. Kxh5 Ra4 52. Rf1 a2 53. Ra1 Kg7 54. h4 Kh7 55. g6+ fxg6+ 56. Kg5
Kg7 57. h5 gxh5 58. Kxh5 Kf6 59. Kh6 Rh4+ 0-1

[Event "8th ch-Euro"]
[Site "Dresden GER"]
[Date "2007.04.05"]
[Round "3"]
[White "Agrest,E"]
[Black "Erdogdu,M"]
[Result "1/2-1/2"]
[WhiteElo "2561"]
[BlackElo "2409"]
[EventDate "2007.04.03"]

1. d4 Nf6 2. Nf3 g6 3. c4 Bg7 4. Nc3 O-O 5. Bg5 c5 6. d5 d6 7. e4 e6 8. Nd2
Na6 9. Be2 Re8 10. O-O h6 11. Bh4 g5 12. Bg3 Nc7 13. Re1 b5 14. dxe6 Bxe6
15. cxb5 d5 16. exd5 Ncxd5 17. Nxd5 Nxd5 18. Nc4 Nf4 19. Bxf4 gxf4 20. Qc2
Qh4 21. Bf3 Rad8 22. Ne5 c4 23. a4 Qg5 24. Nxc4 Rd4 25. b3 Red8 26. Rad1
Bf5 27. Qe2 Bd3 28. Qe7 Qxe7 29. Rxe7 Bxc4 30. Rxd4 Rxd4 31. bxc4 Rxc4 32.
h4 Rxa4 33. Bd5 Bd4 34. Rxf7 Kh8 35. h5 Ra1+ 36. Kh2 Bxf2 37. Rxf4 Be3 38.
Rf8+ Kg7 39. Rf7+ Kh8 40. Kh3 Ra4 41. g3 Rd4 42. Rf5 Rb4 43. Rf8+ Kg7 44.
Rf7+ Kh8 45. Bc6 Rb2 46. Re7 Rb3 47. Kg4 Bf2 48. Kf4 Bxg3+ 49. Kf5 Bf2 50.
Re6 Kg7 51. Rg6+ Kh7 52. Kf6 Rb4 53. Rg2 Bh4+ 54. Ke5 Bg5 55. Ra2 Be3 56.
Ra3 Bb6 57. Rd3 Rg4 58. Be4+ Kg7 59. Rd7+ Kf8 60. Bg6 Rg1 61. Kf6 Rf1+ 62.
Bf5 Ke8 63. Re7+ Kf8 64. Rb7 Bd4+ 65. Ke6 Re1+ 66. Kd5 Bb6 67. Bg6 1/2-1/2

[Event "8th ch-Euro"]
[Site "Dresden GER"]
[Date "2007.04.05"]
[Round "3"]
[White "Anastasian,A"]
[Black "Rocha,S"]
[Result "1/2-1/2"]
[WhiteElo "2587"]
[BlackElo "2400"]
[EventDate "2007.04.03"]

1. c4 e6 2. g3 d5 3. Bg2 Nf6 4. Nf3 dxc4 5. Qa4+ c6 6. Qxc4 b5 7. Qc2 Bb7
8. O-O Nbd7 9. a4 a6 10. Nc3 Qb6 11. d3 Be7 12. Be3 Qc7 13. Bf4 Qb6 14. e4
O-O 15. e5 Nd5 16. Nxd5 cxd5 17. Be3 Bc5 18. d4 Be7 19. a5 Qa7 20. Qd2 Rfc8
21. Ne1 Rc4 22. Nd3 Rac8 23. Rfc1 Qb8 24. b3 Rxc1+ 25. Rxc1 Rxc1+ 26. Qxc1
Qc8 27. Qb2 Nb8 28. b4 Bc6 29. h4 Bd7 30. Bf1 Nc6 31. Nc5 Bxc5 32. dxc5 Qc7
33. Bd4 f5 34. exf6 e5 35. Bc3 gxf6 36. Qe2 Be6 37. Bg2 Qd7 38. Bd2 Qf7 39.
Qd3 Qg6 40. Qe3 Qf7 41. Kh2 Qg6 42. Kg1 Qf7 43. Kh1 Qg6 44. Kh2 Qf7 1/2-1/2

[Event "8th ch-Euro"]
[Site "Dresden GER"]
[Date "2007.04.05"]
[Round "3"]
[White "Smeets,J"]
[Black "Spiess,Gu"]
[Result "1/2-1/2"]
[WhiteElo "2538"]
[BlackElo "2398"]
[EventDate "2007.04.03"]

1. e4 e6 2. d4 d5 3. e5 c5 4. c3 Nc6 5. Nf3 Qb6 6. a3 Nh6 7. b4 cxd4 8.
cxd4 Nf5 9. Be3 f6 10. exf6 gxf6 11. Nc3 Nxe3 12. fxe3 Bh6 13. e4 dxe4 14.
Nxe4 O-O 15. Bc4 Kh8 16. Nc5 e5 17. Qd3 a5 18. Na4 Qa7 19. b5 Nxd4 20. b6
Nxf3+ 21. Qxf3 Qb8 22. Rd1 f5 23. Qh5 Bg7 24. Qg5 Bf6 25. Qh6 Bg7 26. Qg5
Bf6 27. Qh6 1/2-1/2

[Event "8th ch-Euro"]
[Site "Dresden GER"]
[Date "2007.04.05"]
[Round "3"]
[White "Bobras,P"]
[Black "Atakisi,U"]
[Result "1-0"]
[WhiteElo "2542"]
[BlackElo "2384"]
[EventDate "2007.04.03"]

1. e4 c5 2. Nf3 Nc6 3. d4 cxd4 4. Nxd4 Nf6 5. Nc3 e5 6. Ndb5 d6 7. Bg5 a6
8. Na3 b5 9. Bxf6 gxf6 10. Nd5 Bg7 11. Bd3 Ne7 12. Nxe7 Qxe7 13. O-O f5 14.
c4 O-O 15. Qf3 d5 16. cxd5 fxe4 17. Bxe4 Rb8 18. Rfd1 Qd7 19. d6 Rb6 20.
Rd3 Rd8 21. Rc1 Bf8 22. Qg3+ Bg7 23. Qh4 Rxd6 24. Bxh7+ Kf8 25. Qb4 Bb7 26.
Nc2 Qe7 27. Rxd6 Rxd6 28. Re1 Rh6 29. Qxe7+ Kxe7 30. Be4 Bxe4 31. Rxe4 Rd6
32. Re2 Rd1+ 33. Ne1 f5 34. g3 Kd6 35. Kg2 e4 36. Nc2 Bxb2 37. Ne3 Rb1 38.
Nxf5+ Kd5 39. Ne7+ Kc5 40. g4 Bf6 41. Rc2+ Kd4 42. Nf5+ Kd5 43. h4 Rb2 44.
Ne3+ Kd6 45. g5 Rxc2 46. Nxc2 Be5 47. Kh3 a5 48. Na3 Kc5 49. Kg4 b4 50. Kf5
Bd4 51. Nc2 a4 52. Nxd4 Kxd4 53. g6 b3 54. axb3 axb3 55. g7 b2 56. g8=Q
b1=Q 57. Qg7+ Kd3 58. Qg3+ Ke2 59. Qe3+ Kf1 60. Qxe4 Qb5+ 61. Kg4 Qd7+ 62.
Qf5 Qg7+ 63. Kh5 Qh8+ 64. Kg5 Qg7+ 65. Qg6 Qe5+ 66. Qf5 Qg7+ 67. Kf4 Qc7+
68. Kf3 Qb7+ 69. Kg3 Qg7+ 70. Qg5 Qc3+ 71. f3 Qe1+ 72. Kg4 Qe6+ 73. Qf5
Qg8+ 74. Kf4 Qc4+ 75. Kg3 Qc7+ 76. f4 Qc3+ 77. Kg4 Qg7+ 78. Qg5 Qd7+ 79.
Qf5 Qg7+ 80. Kh5 Qh8+ 81. Kg5 Kf2 82. h5 Qg7+ 83. Qg6 Qe7+ 84. Qf6 Qc5+ 85.
Qe5 Qf8 86. f5 Qg8+ 87. Kh6 Qf8+ 88. Kg6 Qg8+ 89. Qg7 Qe8+ 90. Qf7 Qe4 91.
h6 Qg4+ 92. Kh7 1-0

[Event "8th ch-Euro"]
[Site "Dresden GER"]
[Date "2007.04.05"]
[Round "3"]
[White "Can,E"]
[Black "Naumann,A"]
[Result "1/2-1/2"]
[WhiteElo "2409"]
[BlackElo "2549"]
[EventDate "2007.04.03"]

1. e4 c5 2. c3 d5 3. exd5 Qxd5 4. d4 Nf6 5. Nf3 Bg4 6. Be2 e6 7. O-O Nc6 8.
h3 Bh5 9. Na3 cxd4 10. Nb5 Qd7 11. Nbxd4 Nxd4 12. Nxd4 Bxe2 13. Qxe2 Be7
14. Rd1 O-O 15. Nf5 Qc7 16. Nxe7+ Qxe7 17. Bg5 Rfd8 18. Qf3 b6 19. a4 Rxd1+
20. Rxd1 Rd8 21. Rxd8+ Qxd8 22. Bxf6 gxf6 23. g3 f5 24. b4 Kg7 25. Qc6 e5
26. Qc4 Kf6 27. Qc6+ 1/2-1/2

[Event "8th ch-Euro"]
[Site "Dresden GER"]
[Date "2007.04.05"]
[Round "3"]
[White "Zude,E"]
[Black "Gajewski,G"]
[Result "0-1"]
[WhiteElo "2411"]
[BlackElo "2540"]
[EventDate "2007.04.03"]

1. e4 c5 2. Nf3 d6 3. d4 cxd4 4. Nxd4 Nf6 5. Nc3 a6 6. Bg5 e6 7. f4 Qb6 8.
Qd2 Nc6 9. O-O-O Nxd4 10. Qxd4 Qxd4 11. Rxd4 Be7 12. Be2 b5 13. Rhd1 Rb8
14. a3 h6 15. Bxf6 gxf6 16. Bh5 a5 17. a4 bxa4 18. Rxa4 Bd8 19. Rc4 Ke7 20.
g3 Bd7 21. Rcd4 Rb6 22. Kb1 Bc7 23. e5 f5 24. Bf3 Rhb8 25. Kc1 Be8 26. Rc4
Bd8 27. exd6+ Rxd6 28. b3 Bb6 29. Re1 Kf8 30. Re5 Rd4 31. Nb5 Rxc4 32. bxc4
Ke7 33. c3 Rc8 34. Na3 Bc5 35. Nb1 a4 36. Bd1 f6 37. Re2 Rd8 38. Bc2 Bh5
39. Re1 a3 40. Bb3 Bf2 0-1

[Event "8th ch-Euro"]
[Site "Dresden GER"]
[Date "2007.04.05"]
[Round "3"]
[White "Neverov,V"]
[Black "Strohhaeker,Rao"]
[Result "0-1"]
[WhiteElo "2539"]
[BlackElo "2386"]
[EventDate "2007.04.03"]

1. d4 d5 2. c4 e5 3. dxe5 d4 4. Nf3 Nc6 5. g3 Nge7 6. Bg2 Ng6 7. O-O Ngxe5
8. Nxe5 Nxe5 9. b3 Bc5 10. Nd2 O-O 11. Ne4 Be7 12. e3 c5 13. Bb2 Nc6 14.
exd4 cxd4 15. f4 Bf5 16. g4 Bxe4 17. Bxe4 Bc5 18. Qd3 Qh4 19. a3 Qxg4+ 20.
Kh1 f5 21. Bd5+ Kh8 22. b4 Bb6 23. Rf3 Rad8 24. Rg1 Qh4 25. Rh3 Qf6 26. Qf3
g6 27. Rh6 Kg7 28. Qh3 Rh8 29. Bf3 Rde8 30. c5 Bc7 31. b5 Na5 32. Bh5 Bxf4
33. Bxg6 hxg6 34. Bxd4 Rxh6 35. Bxf6+ Kxf6 0-1

[Event "8th ch-Euro"]
[Site "Dresden GER"]
[Date "2007.04.05"]
[Round "3"]
[White "Degtiarev,E"]
[Black "Chuchelov,V"]
[Result "0-1"]
[WhiteElo "2393"]
[BlackElo "2539"]
[EventDate "2007.04.03"]

1. d4 Nf6 2. c4 e6 3. Nf3 b6 4. Nc3 Bb4 5. Qb3 c5 6. a3 Ba5 7. Bg5 h6 8.
Bh4 g5 9. Bg3 g4 10. Nd2 cxd4 11. Ncb1 Ne4 12. Qd3 Bxd2+ 13. Nxd2 Nxg3 14.
Qxg3 Bb7 15. Qe5 Rg8 16. Qxd4 Nc6 17. Qd3 f5 18. O-O-O Qc7 19. e4 f4 20.
Kb1 Ne5 21. Qd4 Qc5 22. Qxc5 bxc5 23. Kc2 a5 24. b3 Ke7 25. a4 Ra6 26. Re1
Rb6 27. h3 h5 28. hxg4 hxg4 29. Rh5 Kf6 30. Be2 Bc6 31. f3 Rg5 32. Rh4 Ng6
33. Rxg4 Rxg4 34. fxg4 Rb8 35. Rh1 Rh8 36. Rxh8 Nxh8 37. Bf3 Ke5 38. g5 Nf7
39. g6 Nh6 40. g7 d6 41. Kd3 Be8 42. Nb1 Kf6 43. Nc3 Kxg7 44. Ne2 e5 45.
Nc3 Kf6 46. Nd5+ Kg5 47. Nc7 Bd7 48. Nb5 Nf7 49. Ke2 Bc6 50. Nc7 Kh4 51.
Ne6 Bd7 52. Nf8 Bc8 53. Nh7 Nd8 54. Nf6 Bb7 55. Ne8 Nf7 56. Ng7 Bc8 57. Ne8
Bd7 58. Nc7 Kg3 59. Nd5 Ng5 60. Ne7 Bg4 61. Nf5+ Bxf5 62. exf5 e4 63. Bh5
Kxg2 64. f6 Kg1 65. Bg4 Kh2 66. Kf2 e3+ 67. Ke2 Kg2 68. Bh5 Kg3 69. f7 Nxf7
70. Bxf7 f3+ 71. Ke1 f2+ 72. Kf1 e2+ 0-1

[Event "8th ch-Euro"]
[Site "Dresden GER"]
[Date "2007.04.05"]
[Round "3"]
[White "Pashikian,A"]
[Black "Erturan,Y"]
[Result "1-0"]
[WhiteElo "2532"]
[BlackElo "2360"]
[EventDate "2007.04.03"]

1. d4 Nf6 2. Nf3 e6 3. c4 b6 4. g3 Ba6 5. Qc2 c5 6. d5 b5 7. cxb5 Bxb5 8.
Nc3 Bc4 9. e4 Bxf1 10. Kxf1 d6 11. dxe6 fxe6 12. Qb3 Qd7 13. e5 Ng4 14.
exd6 Bxd6 15. Ng5 O-O 16. Nce4 Be5 17. Nxe6 Rc8 18. N6xc5+ Qf7 19. Qxf7+
Kxf7 20. Bf4 Bxf4 21. gxf4 Rc6 22. Rd1 Na6 23. Rd7+ Kg8 24. Nxa6 Rxa6 25.
Rg1 Rg6 26. Rg2 Rf8 27. Ng5 Nh6 28. Ne6 Rxg2 29. Kxg2 Re8 30. Nxg7 Re2 31.
Rb7 Rc2 32. h3 Rc6 33. Nh5 a6 34. Ng3 1-0

[Event "8th ch-Euro"]
[Site "Dresden GER"]
[Date "2007.04.05"]
[Round "3"]
[White "Ziska,H"]
[Black "Heberla,B"]
[Result "1-0"]
[WhiteElo "2388"]
[BlackElo "2557"]
[EventDate "2007.04.03"]

1. e4 c5 2. Nf3 d6 3. d4 cxd4 4. Nxd4 Nf6 5. Nc3 Bd7 6. Bg5 e6 7. Ndb5 Bc6
8. Bxf6 gxf6 9. Qh5 a6 10. Nd4 Bd7 11. O-O-O Nc6 12. Nb3 Qb6 13. Rd2 Rc8
14. Kb1 Nb4 15. Qa5 Qxa5 16. Nxa5 Rc7 17. a3 Nc6 18. Nc4 Ke7 19. f4 Bh6 20.
g3 b5 21. Nxd6 b4 22. axb4 Nxb4 23. Be2 Rb8 24. Rhd1 Be8 25. Ka1 Bg7 26.
Bh5 a5 27. Nxe8 Kxe8 28. Be2 Ke7 29. Bb5 f5 30. e5 Rbb7 31. Ba4 f6 32. Nb5
Rc5 33. Nd6 Rb8 34. Ne8 Rxe8 35. Bxe8 Kxe8 36. Rd8+ Kf7 37. R1d7+ Kg6 38.
Rg8 Rxc2 39. Rgxg7+ Kh5 40. Rxh7+ Kg4 41. Rd1 fxe5 42. Rh4+ Kf3 43. fxe5
Re2 44. Rf4+ Kg2 45. g4 fxg4 46. Rxg4+ Kxh2 47. Rg5 a4 48. Kb1 Nd5 49. Rd4
Kh3 50. Rxa4 Nb6 51. Ra7 Kh4 52. Rg1 1-0

[Event "8th ch-Euro"]
[Site "Dresden GER"]
[Date "2007.04.05"]
[Round "3"]
[White "Potapov,P"]
[Black "Shanava,K"]
[Result "1/2-1/2"]
[WhiteElo "2380"]
[BlackElo "2513"]
[EventDate "2007.04.03"]

1. e4 c5 2. c3 e6 3. d4 d5 4. exd5 exd5 5. Nf3 Nc6 6. Be2 Bd6 7. dxc5 Bxc5
8. Nbd2 Nf6 9. O-O Bb6 10. Nb3 Ne4 11. Nbd4 O-O 12. Be3 Bg4 13. h3 Bh5 14.
Re1 Qf6 15. Nc2 Ne7 16. Bd4 Qd6 17. Ne3 Bxf3 18. Bxf3 Bc7 19. Nf1 f5 20.
Qb3 Ng5 21. Bxd5+ Nxd5 22. Be5 Qc6 23. Bxc7 Kh8 24. Be5 Rae8 25. Rad1 Rxe5
26. Rxe5 Nf4 27. Red5 Qg6 28. Ne3 Ngxh3+ 29. Kf1 Nxd5 30. Qxd5 f4 31. Nf5
Ng5 32. Re1 f3 33. gxf3 Nh3 34. Ng3 Nf4 35. Qd4 Qh6 36. Kg1 Nh3+ 37. Kg2
Nf4+ 38. Kg1 Nh3+ 39. Kg2 Nf4+ 40. Kg1 Kg8 41. Qc4+ Kh8 42. Qf7 Nh3+ 43.
Kf1 g6 44. Re8 Qc1+ 45. Kg2 Nf4+ 46. Kh2 Rxe8 47. Qxe8+ Kg7 48. Qe7+ Kg8
49. Qg5 Kf7 50. Ne4 Ne2 51. Qf6+ Kg8 52. Qd8+ Kg7 53. Qe7+ Kh6 54. Qh4+ Kg7
1/2-1/2

[Event "8th ch-Euro"]
[Site "Dresden GER"]
[Date "2007.04.05"]
[Round "3"]
[White "Grooten,H"]
[Black "Evdokimov,Alexa"]
[Result "0-1"]
[WhiteElo "2387"]
[BlackElo "2531"]
[EventDate "2007.04.03"]

1. d4 Nf6 2. c4 c5 3. d5 g6 4. Nc3 Bg7 5. e4 O-O 6. Bd3 d6 7. h3 e6 8. Nf3
Na6 9. O-O Nc7 10. a4 e5 11. Ne2 Nfe8 12. g4 h5 13. gxh5 Bxh3 14. Ng3 Bxf1
15. Bxf1 Nf6 16. Ng5 Nh7 17. Nxh7 Kxh7 18. Qg4 Rh8 19. Ra3 Qc8 20. Qh4 Kg8
21. Rf3 Qe8 22. b3 b6 23. Bg5 a6 24. Bh3 Ra7 25. Bg4 b5 26. a5 bxc4 27.
bxc4 Qa4 28. Bd8 Ne8 29. Bb6 Rd7 30. Kg2 Bf8 31. Ra3 Qxa3 32. Bxd7 Ng7 33.
h6 Qc1 34. Qh1 Qg5 35. hxg7 Rxh1 36. gxf8=Q+ Kxf8 37. Kxh1 Qc1+ 38. Kg2
Qxc4 39. Bg4 Qc2 40. Bc8 Qd3 41. Bg4 c4 42. Be2 Qc2 43. Be3 Ke7 44. f4 exf4
45. Bxf4 Qa2 46. e5 c3 47. exd6+ Kd7 48. Kh3 Qa4 49. Bh6 f5 50. Bf3 Qxa5
51. Ne2 c2 52. Bf4 Qb4 53. Kg3 Qe1+ 54. Kg2 Qh4 55. Bd2 g5 56. Kg1 Kxd6 57.
Kf1 Ke7 58. Nc1 g4 59. Bg2 f4 60. Be4 f3 61. Nd3 Qh1+ 62. Kf2 Qg2+ 63. Ke3
Qe2+ 0-1

[Event "8th ch-Euro"]
[Site "Dresden GER"]
[Date "2007.04.05"]
[Round "3"]
[White "David,Alb"]
[Black "Meinhardt,Ma"]
[Result "1-0"]
[WhiteElo "2528"]
[BlackElo "2369"]
[EventDate "2007.04.03"]

1. e4 e6 2. d4 d5 3. Nc3 Nc6 4. Nf3 Nf6 5. e5 Ne4 6. Bd3 Bb4 7. O-O Nxc3 8.
bxc3 Bxc3 9. Rb1 h6 10. Be3 a6 11. Rb3 Ba5 12. Ne1 Ne7 13. Qg4 g6 14. Nf3
Nf5 15. h4 Bb6 16. a4 Bd7 17. Ra1 a5 18. Bd2 Qb8 19. c3 Qa7 20. Qf4 O-O-O
21. g4 Nxh4 22. Nxh4 g5 23. Qxf7 gxh4 24. Bb5 c6 25. Be2 Rhf8 26. Qe7 Bxd4
27. cxd4 Qxd4 28. Rf1 Qxd2 29. Ba6 Qd4 30. Bxb7+ Kb8 31. Qd6+ Ka7 32. Qc7
Qxg4+ 33. Kh1 1-0

[Event "8th ch-Euro"]
[Site "Dresden GER"]
[Date "2007.04.05"]
[Round "3"]
[White "Sievers,S"]
[Black "Frolyanov,D"]
[Result "0-1"]
[WhiteElo "2376"]
[BlackElo "2521"]
[EventDate "2007.04.03"]

1. c4 e6 2. g3 d5 3. Nf3 Nf6 4. Bg2 Be7 5. O-O O-O 6. Qc2 c5 7. cxd5 exd5
8. d4 Ne4 9. Nc3 Bf5 10. Qb3 Nc6 11. Qxb7 Nb4 12. Bf4 Nd6 13. Bxd6 Bxd6 14.
Rac1 Rb8 15. Qxa7 Ra8 16. Qb7 Bd7 17. dxc5 Bxc5 18. Nxd5 Ra7 19. Qxa7 Bxa7
20. Nxb4 Qe7 21. Nd5 Qxe2 22. Rc7 Bxf2+ 23. Kh1 Bg4 24. Nh4 Qxb2 25. a4 Be6
26. Nf4 g5 27. Rb7 Qa2 28. Nxe6 fxe6 29. Nf3 Be3 30. Rd1 Qxa4 31. Re1 g4
32. Nh4 Qd4 33. Reb1 Qf6 34. R7b4 Bd4 35. Rd1 e5 36. Rb7 Kh8 37. h3 Qf2 38.
Rb3 gxh3 39. Bxh3 e4 40. Ng2 Qc2 41. Rxd4 Qxb3 42. Kh2 Rg8 43. g4 Qb8+ 44.
Kh1 Qg3 0-1

[Event "8th ch-Euro"]
[Site "Dresden GER"]
[Date "2007.04.05"]
[Round "3"]
[White "Savickas,A"]
[Black "Shengelia,D"]
[Result "0-1"]
[WhiteElo "2360"]
[BlackElo "2523"]
[EventDate "2007.04.03"]

1. e4 c5 2. Nf3 b6 3. d4 cxd4 4. Nxd4 Bb7 5. Nc3 e6 6. Bd3 Ne7 7. Bg5 a6 8.
Qe2 Qc7 9. O-O-O Nbc6 10. Nb3 Ng6 11. Kb1 Bb4 12. Nd5 exd5 13. exd5+ Nce5
14. Bxg6 hxg6 15. f4 f6 16. fxe5 fxg5 17. Qe4 Rh4 18. Qxg6+ Kf8 19. Qxg5
Qd8 20. Qf5+ Kg8 21. g3 Rh6 22. a3 Bc5 23. Nxc5 bxc5 24. c4 a5 25. Rhf1 Qe8
26. Rde1 Ba6 27. Re4 Rxh2 28. e6 dxe6 29. dxe6 Rb8 30. Qe5 Bxc4 31. Rxc4
Qb5 32. b4 Qxc4 0-1

[Event "8th ch-Euro"]
[Site "Dresden GER"]
[Date "2007.04.05"]
[Round "3"]
[White "Durarbeyli,V"]
[Black "Sorokin,M"]
[Result "1-0"]
[WhiteElo "2312"]
[BlackElo "2547"]
[EventDate "2007.04.03"]

1. e4 c6 2. d4 d5 3. Nc3 dxe4 4. Nxe4 Bf5 5. Ng3 Bg6 6. h4 h6 7. Nf3 Nd7 8.
h5 Bh7 9. Bd3 Bxd3 10. Qxd3 e6 11. Bd2 Ngf6 12. O-O-O Be7 13. Ne4 Nxe4 14.
Qxe4 Nf6 15. Qe2 Qd5 16. c4 Qe4 17. Qxe4 Nxe4 18. Be3 O-O 19. Ne5 Rfd8 20.
g4 Rac8 21. f3 Nd6 22. b3 f5 23. Ng6 Bf6 24. Rhe1 b5 25. Bf4 Kf7 26. c5 Ne8
27. Be5 fxg4 28. fxg4 Nc7 29. Kc2 Nd5 30. a3 Rd7 31. Rd3 Re8 32. Rf3 Kg8
33. Ref1 a5 34. Kd3 Red8 35. Bd6 Ra7 36. Re1 a4 37. b4 Re8 38. Ke4 Raa8 39.
Ref1 Rad8 40. Ne5 Rc8 41. Nd7 Be7 42. Be5 Bg5 43. Rf7 Bf6 44. Nxf6+ Nxf6+
45. R7xf6 gxf6 46. Rxf6 1-0

[Event "8th ch-Euro"]
[Site "Dresden GER"]
[Date "2007.04.05"]
[Round "3"]
[White "Starostits,I"]
[Black "Zherebukh,Y"]
[Result "1/2-1/2"]
[WhiteElo "2472"]
[BlackElo "2359"]
[EventDate "2007.04.03"]

1. e4 c5 2. Nc3 a6 3. a4 Nc6 4. g3 g6 5. Bg2 Bg7 6. d3 d6 7. f4 e5 8. Nh3
Nge7 9. O-O exf4 10. Bxf4 h6 11. Qd2 g5 12. Be3 O-O 13. Kh1 Ne5 14. Rae1
Be6 15. Nf2 Qd7 16. b3 Rac8 17. Nd5 Nxd5 18. exd5 Bf5 19. a5 Bg6 20. c4 Qc7
21. d4 Nd7 22. Bh3 Rcd8 23. Re2 b6 24. axb6 Qxb6 25. dxc5 dxc5 26. Bxd7
Rxd7 27. Nd3 Rc8 28. Nxc5 Rxc5 29. b4 Rcxd5 30. cxd5 Be4+ 31. Kg1 Qg6 32.
Bc5 Rxd5 33. Qe3 Bd3 34. Rd2 Bxf1 35. Rxd5 Qb1 36. Kf2 Bb5 37. g4 Qh1 38.
Rd8+ Kh7 39. Kg3 Bc6 40. Qf2 Be5+ 41. Kh3 Bf3 42. Qc2+ Be4 43. Qf2 Bf3 44.
Qc2+ Be4 45. Qf2 Bf3 1/2-1/2

[Event "8th ch-Euro"]
[Site "Dresden GER"]
[Date "2007.04.05"]
[Round "3"]
[White "Pitl,G"]
[Black "Van der Weide,K"]
[Result "0-1"]
[WhiteElo "2357"]
[BlackElo "2476"]
[EventDate "2007.04.03"]

1. e4 c5 2. Nf3 d6 3. d4 cxd4 4. Nxd4 Nf6 5. Nc3 a6 6. Be3 e5 7. Nb3 Be6 8.
Qd2 Be7 9. f4 exf4 10. Bxf4 Nc6 11. O-O-O Ne5 12. Kb1 O-O 13. h3 b5 14. Qe3
Qc7 15. g4 Rfc8 16. Rh2 b4 17. Nd5 Bxd5 18. exd5 a5 19. Qd2 Nf3 20. Qd3
Nxh2 21. Bxh2 a4 22. Nd4 Ra5 23. Bg2 Nxd5 24. Nf5 Bf8 25. Rd2 Nb6 26. Rf2
Qc4 27. Qf3 Re8 28. Ne3 Qe6 29. Bf4 d5 30. Nf5 Qe4 31. Qg3 Qe1+ 32. Bc1 Bc5
0-1

[Event "8th ch-Euro"]
[Site "Dresden GER"]
[Date "2007.04.05"]
[Round "3"]
[White "Bach,Mat"]
[Black "Iljushin,A"]
[Result "0-1"]
[WhiteElo "2364"]
[BlackElo "2510"]
[EventDate "2007.04.03"]

1. d4 d5 2. g3 c6 3. Bg2 Bf5 4. c4 e6 5. Nc3 Nf6 6. Nf3 h6 7. O-O Nbd7 8.
Nd2 Be7 9. e4 dxe4 10. Ndxe4 O-O 11. Qb3 Qb6 12. Qxb6 axb6 13. h3 Rfd8 14.
Be3 Nxe4 15. Nxe4 Nf6 16. f3 Bxe4 17. fxe4 e5 18. d5 Nd7 19. Rfd1 Bc5 20.
Kf2 Kf8 21. Bf3 Ke7 22. Bxc5+ bxc5 23. a4 Nf6 24. Ke3 cxd5 25. cxd5 Ne8 26.
Rdc1 Rdc8 27. Bg4 Rc7 28. a5 Kd8 29. Be2 Nd6 30. g4 Rb8 31. b3 Ra8 32. Bd3
Kc8 33. Ra2 Kb8 34. Rac2 Rc8 35. Ra1 b6 36. Rca2 b5 37. a6 Ka7 38. Ra5 Rab8
39. h4 c4 40. bxc4 bxc4 41. Bc2 Rb2 42. R5a2 Rcb8 43. Ba4 Rxa2 44. Rxa2 Rb6
45. Rg2 Rxa6 46. Bc2 Ra3+ 47. Kd2 Kb6 48. g5 Rh3 49. g6 f6 50. Rg1 0-1

[Event "8th ch-Euro"]
[Site "Dresden GER"]
[Date "2007.04.05"]
[Round "3"]
[White "Pajeken,W"]
[Black "Nechepurenko,R"]
[Result "0-1"]
[WhiteElo "2346"]
[BlackElo "2481"]
[EventDate "2007.04.03"]

1. Nf3 Nf6 2. c4 g6 3. Nc3 d5 4. cxd5 Nxd5 5. e4 Nxc3 6. dxc3 Qxd1+ 7. Kxd1
f6 8. Be3 e5 9. Kc2 Nd7 10. Rd1 Bc5 11. Bxc5 Nxc5 12. Nd2 a5 13. f3 Bd7 14.
Nc4 Be6 15. b3 Ke7 16. Ne3 a4 17. b4 Bxa2 18. bxc5 Bb3+ 19. Kc1 Bxd1 20.
Kxd1 a3 21. Nc2 Ra5 22. Bd3 Rxc5 23. Nb4 Ra8 24. Kc2 c6 25. Ra1 Rca5 26.
Kb3 h5 27. Nc2 Rd8 28. Nb4 Rda8 29. Nc2 Kd6 30. Rxa3 Rxa3+ 31. Nxa3 Kc5 32.
Nc2 b5 33. Kb2 Ra4 34. Kb1 Ra7 35. Kb2 Rd7 36. Nb4 Kb6 37. Kc2 Rd6 38. Be2
h4 39. g3 hxg3 40. hxg3 Rd8 41. f4 exf4 42. gxf4 g5 43. fxg5 fxg5 44. Bg4
c5 45. Nd5+ Kc6 46. Kd3 Kd6 47. Ke3 Rb8 48. Nf6 Rb7 49. Bf3 Ke6 50. e5 Ra7
51. Ke4 Ra4+ 52. Ke3 Kxe5 53. Ne4 g4 54. Bg2 Ra2 55. Bf1 c4 56. Ng3 Ra3 57.
Kd2 b4 58. Bxc4 Rxc3 59. Bd3 Rc7 60. Bc2 Kf4 61. Ne2+ Kf3 62. Nd4+ Kf2 63.
Be4 g3 64. Ne6 Re7 65. Ng5 g2 66. Kd3 Rxe4 67. Kxe4 Kg3 68. Kd3 0-1

[Event "8th ch-Euro"]
[Site "Dresden GER"]
[Date "2007.04.05"]
[Round "3"]
[White "Geller,J"]
[Black "Bogner,S"]
[Result "1-0"]
[WhiteElo "2490"]
[BlackElo "2331"]
[EventDate "2007.04.03"]

1. e4 c5 2. Nf3 d6 3. d4 cxd4 4. Nxd4 Nf6 5. Nc3 a6 6. a4 g6 7. Be2 Bg7 8.
O-O Nc6 9. Be3 O-O 10. Kh1 Bd7 11. f4 Nxd4 12. Bxd4 Be6 13. Bf3 a5 14. Ra3
Nd7 15. Bxg7 Kxg7 16. Qd4+ Kg8 17. Nd5 Bxd5 18. Qxd5 Rc8 19. c3 Qb6 20. Rb3
Qa6 21. Rb5 Nc5 22. Rd1 b6 23. b3 Ne6 24. Qd2 Rc5 25. Be2 Qb7 26. Qe3 Rfc8
27. Bc4 Rxc4 28. bxc4 Rxc4 29. Rbd5 Qc6 30. f5 Rxc3 31. Qh6 Nf8 32. e5 Rc5
33. f6 Ne6 34. fxe7 Rxd5 35. Rxd5 g5 36. Rd1 d5 37. h4 Qd7 38. Qf6 d4 39.
Rxd4 Nxd4 40. Qxg5+ Kh8 41. Qf6+ Kg8 42. Qd6 Qxa4 43. Qd8+ Kg7 44. e8=N+
1-0

[Event "8th ch-Euro"]
[Site "Dresden GER"]
[Date "2007.04.05"]
[Round "3"]
[White "Fruebing,S"]
[Black "Bromberger,S"]
[Result "0-1"]
[WhiteElo "2301"]
[BlackElo "2495"]
[EventDate "2007.04.03"]

1. e4 c5 2. Nf3 d6 3. d4 cxd4 4. Nxd4 Nf6 5. Nc3 a6 6. Be3 e5 7. Nf3 Be7 8.
Bc4 O-O 9. O-O Be6 10. Bb3 Nc6 11. Qe2 Na5 12. Rfd1 Nxb3 13. axb3 Qc7 14.
Bg5 Rac8 15. Nd2 Qc6 16. Nf1 Rfe8 17. Bxf6 Bxf6 18. Ne3 Bg5 19. Rd2 Qc5 20.
Rad1 Bxe3 21. Qxe3 Qxe3 22. fxe3 Bg4 23. Ra1 Rc6 24. Kf2 Kf8 25. Ra5 Rec8
26. h3 Be6 27. Ke2 Ke7 28. Kd3 Rc5 29. Rxc5 Rxc5 30. Ke2 b5 31. Kd1 b4 32.
Nd5+ Bxd5 33. Rxd5 Rxd5+ 34. exd5 e4 35. c4 h5 36. g3 g5 37. Ke2 h4 38. Kf2
Kd7 39. Kg2 Kc7 40. Kf2 Kb6 41. Kg2 Kc5 42. Kf2 a5 43. Kg2 f5 44. gxh4 gxh4
45. Kf2 a4 46. bxa4 Kxc4 47. b3+ Kxd5 48. Ke2 Kc5 49. Ke1 d5 50. Kd2 d4 51.
Ke2 dxe3 52. Kxe3 Kd5 0-1

[Event "8th ch-Euro"]
[Site "Dresden GER"]
[Date "2007.04.05"]
[Round "3"]
[White "Buchal,S"]
[Black "Cornette,M"]
[Result "0-1"]
[WhiteElo "2393"]
[BlackElo "2482"]
[EventDate "2007.04.03"]

1. e4 c5 2. Nf3 e6 3. c3 d5 4. e5 d4 5. Bd3 Bd7 6. O-O Bc6 7. Qe2 Ne7 8.
Be4 Bxe4 9. Qxe4 Nbc6 10. d3 dxc3 11. Nxc3 Nf5 12. Be3 Qd7 13. Rfd1 Rd8 14.
Rac1 Be7 15. Ne2 Nxe3 16. Qxe3 O-O 17. a3 Qd5 18. Nf4 Qb3 19. Rd2 Rd7 20.
h4 Rfd8 21. Ng5 h6 22. Rc3 Qa2 23. Nf3 Nd4 24. Ne1 Bxh4 25. Rxc5 Nb3 26.
Nf3 Be7 27. Rc3 Qb1+ 28. Kh2 Nxd2 29. Qxd2 g5 30. Rc1 Qa2 31. Nh5 Rxd3 32.
Qe2 Qd5 33. Rc7 Rd7 34. Rc8+ Kh7 35. Rf8 f5 36. Rf7+ Kg8 37. Qc2 Qc6 38.
Qxd3 Rxd3 39. Rxe7 Rd7 40. Re8+ Kh7 41. Nf6+ Kg6 42. Rg8+ Kf7 43. Rh8 Rd1
44. Rxh6 Qc1 45. Nh5 Rh1+ 46. Kg3 Rxh5 0-1